|
|
|
|
| LEADER |
01836nam a2200325 a 4500 |
| 001 |
33397 |
| 003 |
BD-DhAAL |
| 005 |
20250624112115.0 |
| 008 |
180716t2000 nyuab b 001 0 eng |
| 010 |
|
|
|a 99006916
|
| 020 |
|
|
|a 0814797547 (cloth : alk. paper)
|
| 020 |
|
|
|a 0814797555 (pbk. : alk. paper)
|
| 040 |
|
|
|a DLC
|c DLC
|d DLC
|d BD-DhAAL
|
| 043 |
|
|
|a n-us---
|
| 050 |
0 |
0 |
|a HN65
|b .S426 2000
|
| 082 |
0 |
0 |
|a 361.610973
|2 21
|
| 100 |
1 |
|
|a Schram, Sanford.
|9 27393
|
| 245 |
1 |
0 |
|a After welfare :
|b the culture of postindustrial social policy /
|c Sanford F. Schram.
|
| 260 |
|
|
|a New York :
|b New York University Press,
|c c2000.
|
| 300 |
|
|
|a x, 234 pages :
|b illustrations ;
|c 24 cm.
|
| 504 |
|
|
|a Includes bibliographical references (pages 185-228) and index.
|
| 505 |
0 |
|
|a Contracting America : the cycle of representation and the contagion of policy discourse -- Where the welfare queen resides : the subtext of personal responsibility -- In the clinic : the medicalization of welfare -- Deconstructing devolution : racing to the bottom and other ironies of welfare reform -- Redefining the family, redefining the state : the politics of incorporation and the case of same-sex marriage -- A new space for welfare policy research : benefit decline on the Internet -- After social security : searching for a postindustrial ethic.
|
| 526 |
|
|
|a ARC
|
| 541 |
|
|
|a Department of Architecture
|e 33397
|
| 650 |
|
0 |
|a Public welfare
|z United States.
|9 27394
|
| 651 |
|
0 |
|a United States
|x Social policy
|y 1993.
|9 27395
|
| 852 |
|
|
|a Department of Architecture
|c General Stacks
|
| 942 |
|
|
|2 ddc
|c BK
|
| 999 |
|
|
|c 39797
|d 39797
|
| 952 |
|
|
|0 0
|1 0
|2 ddc
|4 0
|6 361_610973000000000_SCH
|7 0
|9 63828
|a BRACUL
|b BRACUL
|c GEN
|d 2018-07-16
|e Department of Architecture
|l 0
|o 361.610973 SCH
|p 3010033397
|r 2018-07-16
|t 1
|w 2018-07-16
|y BK
|x Transferred from ARC to BRACUL on 28/12/2023
|